000 00512nam a2200181 i 4500
001 134055
003 ES-MaACL
005 20230906194604.0
007 t|
008 070905s1972 sp ||||1| spa d
100 1 _aWare, Clyde.
_9116095
245 1 4 _aLos inocentes
_b: novela /
_cClyde Ware ; [traducción... Isabel Esteban].
250 _a1ª ed.
260 _aBarcelona :
_bPlaneta,
_c[1972]
300 _a283 p. ;
_c19 cm.
700 1 _aEsteban, Isabel.
_948031
852 _aES-MaACL
_jC-51146
_bR.83498
999 _c134055
_d134055